|
|
|
|
| LEADER |
00000nab a2200000 a 4500 |
| 001 |
vtls000300877 |
| 003 |
SK-MaSNL |
| 005 |
20260304225009.0 |
| 008 |
160202c1988 xo 0 hun |
| 015 |
|
|
|a SNBRB19rr/mm-uuuuu
|
| 035 |
|
|
|a CL0310996
|
| 040 |
|
|
|a SNKBUCL
|b slo
|c SNKBUCL
|e AACR2
|
| 041 |
0 |
|
|a hun
|
| 044 |
|
|
|a xo
|c SK
|
| 080 |
|
|
|a 82.091(048)
|2 1981
|
| 100 |
1 |
|
|a Alabán, František,
|d 1951-
|4 aut
|9 50268
|
| 245 |
1 |
0 |
|a Együttélés és többnyelvűség az irodalomban. /Spolunažívanie a viacjazyčnosť v literatúre./
|b Sziklay László tanulmányai
|c Ferenc Alabán
|
| 650 |
0 |
7 |
|a literárna komparatistika
|2 snkbucl
|9 62017
|
| 655 |
|
7 |
|a články z novín a časopisov
|2 snkbucl
|9 267496
|
| 655 |
|
7 |
|a články z odboru literárna veda a krásna literatúra
|2 snkbucl
|9 770045
|
| 700 |
1 |
|
|a Sziklay, László,
|d 1912-1987
|4 aut
|9 106740
|
| 773 |
0 |
|
|t Új szó
|g Roč. 41, č. 8 (12. 1. 1988), s. 4
|
| 787 |
0 |
8 |
|i Rec.:
|a Sziklay, László
|t Közös dolgaink
|d Budapest : Gondolat, 1987
|
| 850 |
|
|
|a Slovenská národná knižnica v Martine
|a MTA001
|
| 852 |
|
|
|a SNK
|b KIS3GCP
|
| 958 |
|
|
|a RK
|
| 958 |
|
|
|a HU
|
| 958 |
|
|
|a LX
|
| 992 |
|
|
|a RBX
|
| 999 |
|
|
|c 3175197
|d 3177127
|